000 00452nam a2200169Ia 4500
005 20250326130607.0
008 250326s9999 xx 000 0 und d
037 _aTextbook
040 _aFMSL
_beng
_cFMSL
041 _aeng
_2eng
084 _aX:891 Q1
_qFMSL
100 _aAven T
_9740861
245 0 _aQuantitative risk assessment
_cAven T
260 _aN
_bN, Y Cambridge
_c2011
942 _cTB
_hX:891 Q1
999 _c1283229
_d1283229